000 00990nam a2200253 a 4500
001 78236
003 BD-RjUL
005 20211209083116.0
008 210824s1987 bg ||||| |||| 00| 0 ben d
035 _a(BD-RjUL)78462
040 _aBD-RjUL
_bben
_cBD-RjUL
041 _aben
082 _223
_a657
_bUDB 1987
100 _aউদ্দিন, মোহাম্মদ হাফিজ
_9247143
245 1 0 _aবুক-কিপিং এণ্ড একাউনট্যানসি /
_cমোহাম্মদ হাফিজ উদ্দিন
260 _aঢাকা :
_bহাসান বুক হাউস,
_c১৯৮৭
300 _a৩৭৬,৯৪ পৃ.:
_bচিত্রসমূহ;
_c২৪ সেমি.
505 0 1 _aখণ্ড. ১ম --
650 _aহিসাব (অ্যাকাউন্টিং )
_9247139
650 _aAccounting
_9247140
650 _aহিসাবরক্ষণ
_9247141
650 _aBookkeeping
_9247142
942 _2ddc
_cBK
999 _c78236
_d78236